| 000 | 01297-am-a2200265-a-4500 | ||
|---|---|---|---|
| 001 | 000057467 | ||
| 003 | AM-YEHGA | ||
| 005 | 20250617121451.0 | ||
| 008 | 970708s1982 ru ||||| |||| 00| 0 rus d | ||
| 040 | _aAM-YeHGA | ||
| 041 | 0 | _arus | |
| 245 | 0 | 0 |
_aАллювиально-дельтовые системы палеозоя Нижнего Поволжья / _c[В.А. Бабадаглы, С.В. Яцкевич, М.Г. Шебалдина, Л.П. Съестнова] ; Под ред. В.А. Бабадаглы, А.К. Замаренова. |
| 260 | 0 |
_aСаратов : _bИзд-во Саратовского ун-та, _c1982. |
|
| 300 |
_a154 с. : _bил. ; _c20 см. |
||
| 500 | _aАвт. указаны на обороте тит. л. | ||
| 500 | _aВ надзаг.: Ниж.-Волж. НИИ геологии и геофизики | ||
| 650 | 1 | 4 | _aАллювиальные отложения - Палеозой - Нижнее Поволжье |
| 700 | 1 | 0 | _aБабадаглы, Виктор Александрович |
| 700 | 1 | _aШебалдина, М.Г. | |
| 700 | 1 | _aСъестнова, Л.П. | |
| 700 | 1 |
_aЗамаренов, А.К. _4edt _eред. |
|
| 710 | 2 | _aНижне-Волжский НИИ геологии и геофизики | |
| 942 |
_2udc _cBK |
||
| 090 | _c16608 | ||
| 999 |
_c16482 _d16482 |
||